| 000 | 02104nam a2200277 a 4500 | ||
|---|---|---|---|
| 001 | 000035760 | ||
| 003 | DO-SdBNP | ||
| 005 | 20240409073643.0 | ||
| 007 | ta | ||
| 008 | 111110s2011 dr a 001 0bspa d | ||
| 020 | _a9789945880601 | ||
| 040 |
_aDO-SdBNP _bspa _cBNPHU |
||
| 082 | 4 |
_a920.71 _bC957d _222 |
|
| 100 | 1 |
_aDisla, Luis Fausto, _d1953- _961706 |
|
| 245 | 1 | 0 |
_aVida y heroísmo del mártir dominicano Rufino de la Cruz : _b50 años después / _cLuis Fausto Disla. |
| 260 |
_aSanto Domingo : _bFG imagen arte-impresión, _c2011. |
||
| 300 |
_a148 p. : _bilustraciones ; _c22 cm. |
||
| 500 | _aIncluye datos biográficos del autor en las solapas | ||
| 505 | 0 |
_aPrólogo / _rAlcibíades Cruz González -- _tIntroducción -- _tDatos biográficos -- _tFacetas desarrolladas por Rufino durante su corta vida -- _tDesarrollo socio político de Rufino y su formación ideológica -- _tLa membresía de Rufino dentro del Movimiento Político "El 14 de Junio" -- _tLas decisiones patriótricas tomadas por Rufino -- _tPlanificación y realización del viaje hacia Puerto Plata, aquel funesto viernes, 25 de noviembre de 1960 -- _tDescripción del horrendo crimen -- _tSituación en Conuco y Ojo de Agua por el retraso de su llegada -- _tReacciones de residentes en Santiago al difundirse la noticia del supuesto "accidente automovilístico" -- _tTraslados de los cadáveres desde Santiago a Salcedo sábado 26 de noviembre de 1960 -- _tEl velatorio de Rufino -- _tLo inesperado en el velatorio de Rufino -- _tEl sepelio de Rufino -- _tHechos significativos ocurridos en el seno de la familia de Rufino después de su asesinato -- _tEl aporte de Rufino a la democracia dominicana -- _tPersonalidades y parientes entrevistados -- _gAgradecimientos -- _gFuentes bibliográficas. |
|
| 590 | _aInventariado, 2019/LP | ||
| 590 | _aLa biblioteca posee 1 ejemplar autográfiado por el autor | ||
| 600 | 1 | 4 |
_aCruz Disla, Rufino Antonio de la, _d1923-1960 _961707 |
| 650 | 4 |
_aHomicidio político _zRepública Dominicana _yEra de Trujillo, 1930-1961 _961708 |
|
| 910 | _aValidado. Control de la calidad EMS. | ||
| 942 |
_2ddc _cLBS1 |
||
| 999 |
_c35251 _d35251 |
||